000 00421nab a22001097u 4500
008 130520b2007 xxu||||| |||| 00| 0 spa d
041 _aspa
100 1 _aEngel, Ulrich
_d1961-
_920227
245 0 0 _aLos no-lugares. Sobre los campamentos de refugiados, Las políticas migratorias y el lugar vacío en la estructura de poder
_cUlrich Engel
773 0 _tConcilium
_gnº320,2007,págs. 147-158
_x0210-1041
_wRev134
942 _cAR
999 _c380929
_d380929